[Event "4NCL Division Four"]
[Site "Daventry, ENG"]
[Date "2023.02.04"]
[Round "5.92"]
[White "Rosenbach, Martin"]
[Black "Maton, Emily"]
[Result "0-1"]
[WhiteElo "1914"]
[BlackElo "1695"]
[PlyCount "114"]
[EventDate "2023.02.04"]
[WhiteTeam "Iceni 2"]
[BlackTeam "She Plays To Win Lionesses"]

1. c4 e5 2. g3 c6 3. d4 e4 4. Nc3 d5 5. Bg2 Nf6 6. Bg5 Bb4 7. e3 Nbd7 8. Nge2
O-O 9. cxd5 cxd5 10. a3 Bxc3+ 11. Nxc3 h6 12. Bxf6 Nxf6 13. O-O Re8 14. h3 Be6
15. Rc1 Qd7 16. Kh2 Bf5 17. Qa4 Qxa4 18. Nxa4 Rac8 19. Rc3 Rxc3 20. Nxc3 Bd7
21. Rc1 Rc8 22. Bf1 Nh7 23. Be2 Ng5 24. h4 Nf3+ 25. Bxf3 exf3 26. Na2 Rxc1 27.
Nxc1 g5 28. Nd3 g4 29. Nf4 Be6 30. Kg1 Kf8 31. Kf1 Ke7 32. Ke1 Kd6 33. Kd2 Kc6
34. Kc3 Kb5 35. Nh5 b6 36. Nf6 Kc6 37. a4 a6 38. b4 b5 39. axb5+ axb5 40. e4
dxe4 41. Nxe4 f5 42. Nc5 f4 43. Kd2 fxg3 44. fxg3 Bf5 45. Ke3 Kd5 46. Nb7 Bc8
47. Nd8 Be6 48. Kd3 Bf5+ 49. Ke3 Bg6 50. Nb7 Kc4 51. d5 Kxd5 52. Na5 h5 53. Kd2
Bc2 54. Ke3 Bd1 55. Kf2 Kd4 56. Nc6+ Kc3 57. Ke1 Bc2 0-1

[Event "4NCL Division Four"]
[Site "Daventry, ENG"]
[Date "2023.02.04"]
[Round "5.93"]
[White "Jayawarna, Tarini"]
[Black "Downham, Alan F"]
[Result "1-0"]
[WhiteElo "1538"]
[BlackElo "1903"]
[PlyCount "51"]
[EventDate "2023.02.04"]
[WhiteTeam "She Plays To Win Lionesses"]
[BlackTeam "Iceni 2"]

1. e4 d6 2. d4 Nf6 3. Nc3 Nbd7 4. Bc4 e5 5. Nge2 Be7 6. O-O O-O 7. h3 c6 8. Re1
Re8 9. Be3 Nf8 10. Qd3 h6 11. Rad1 Qc7 12. Ng3 g5 13. Qe2 b5 14. Bb3 Ng6 15.
Nh5 Nxh5 16. Qxh5 Kg7 17. Ne2 c5 18. dxc5 dxc5 19. Bd5 Rb8 20. Rf1 Rf8 21. g3
Bd7 22. f4 gxf4 23. gxf4 exf4 24. Nxf4 Nxf4 25. Bxf4 Qb6 26. Bxb8 1-0

[Event "4NCL Division Four"]
[Site "Daventry, ENG"]
[Date "2023.02.04"]
[Round "5.94"]
[White "Feavyour, John A"]
[Black "Chan, Michelle (Ngo Yu)"]
[Result "1/2-1/2"]
[WhiteElo "1844"]
[BlackElo "1549"]
[PlyCount "131"]
[EventDate "2023.02.04"]
[WhiteTeam "Iceni 2"]
[BlackTeam "She Plays To Win Lionesses"]

1. d4 d5 2. c4 e6 3. Nc3 Nf6 4. Bg5 dxc4 5. e4 Be7 6. Bxc4 h6 7. Bf4 c5 8. Nf3
Nc6 9. d5 exd5 10. exd5 Nd4 11. Nxd4 cxd4 12. Qxd4 Bd6 13. Bb5+ Kf8 14. O-O
Bxf4 15. Qxf4 Nxd5 16. Nxd5 Qxd5 17. Bc4 Qh5 18. Rad1 Bf5 19. Rd5 g6 20. Qd4
Kg8 21. Re1 Qg4 22. Rd8+ Rxd8 23. Qxd8+ Kg7 24. Qc7 Rf8 25. b3 Bc8 26. Qe5+ Kg8
27. Qe3 Be6 28. h3 Qf5 29. Bxe6 Qxe6 30. Qxe6 fxe6 31. Rxe6 Kf7 32. Rd6 Rb8 33.
g4 a5 34. Rb6 Kg7 35. Kg2 Kh7 36. Kg3 Kg7 37. f4 Kh7 38. Kf3 Kg7 39. h4 Kh7 40.
f5 gxf5 41. gxf5 h5 42. Rg6 b5 43. Rg5 Kh6 44. Kf4 a4 45. Rg6+ Kh7 46. bxa4
bxa4 47. Ra6 Rg8 48. Ra7+ Kh6 49. f6 Kg6 50. Ke5 Rf8 51. Rg7+ Kh6 52. Rg5 a3
53. Ke6 Rb8 54. Rg3 Rb6+ 55. Ke5 Rb5+ 56. Ke6 Rb6+ 57. Ke7 Rb7+ 58. Kd8 Rf7 59.
Rxa3 Rxf6 60. Ke7 Rf4 61. Rh3 Ra4 62. a3 Kg6 63. Ke6 Ra6+ 64. Ke5 Ra5+ 65. Ke6
Ra6+ 66. Ke5 1/2-1/2

[Event "4NCL Division Four"]
[Site "Daventry, ENG"]
[Date "2023.02.04"]
[Round "5.95"]
[White "Rida, Ruqayyah"]
[Black "Gaffney, Samuel"]
[Result "1-0"]
[WhiteElo "1409"]
[BlackElo "1821"]
[PlyCount "69"]
[EventDate "2023.02.04"]
[WhiteTeam "She Plays To Win Lionesses"]
[BlackTeam "Iceni 2"]

1. e4 d5 2. exd5 Qxd5 3. Nc3 Qa5 4. d4 Nf6 5. Nf3 Bf5 6. Bc4 e6 7. Bd2 c6 8.
Nd5 Qd8 9. Nxf6+ gxf6 10. Be3 Nd7 11. Bd3 Bg6 12. Qe2 Qc7 13. O-O-O O-O-O 14.
Rhe1 Nb6 15. Kb1 Nd5 16. Bxg6 hxg6 17. Bd2 Nf4 18. Qf1 g5 19. h3 Kb8 20. c4 Be7
21. Bc3 Qb6 22. Nd2 Rhe8 23. g3 Ng6 24. Nb3 Qc7 25. Rc1 f5 26. c5 Bf6 27. Ba5
b6 28. cxb6 axb6 29. Qa6 Qa7 30. Qxb6+ Qxb6 31. Bxb6 Rc8 32. Nc5 Re7 33. Rc4
Nf8 34. Rb4 Ka8 35. Re3 1-0

[Event "4NCL Division Four"]
[Site "Daventry, ENG"]
[Date "2023.02.04"]
[Round "5.96"]
[White "Usher, Michael E"]
[Black "Eccleston, Bryony"]
[Result "1-0"]
[WhiteElo "1784"]
[BlackElo "1027"]
[PlyCount "105"]
[EventDate "2023.02.04"]
[WhiteTeam "Iceni 2"]
[BlackTeam "She Plays To Win Lionesses"]

1. d4 Nf6 2. Bg5 d5 3. Nd2 c5 4. e3 a6 5. c3 e6 6. Bd3 Nc6 7. Ngf3 cxd4 8. exd4
Be7 9. O-O O-O 10. Qc2 h6 11. Bh4 b5 12. a3 Bb7 13. Rae1 Rc8 14. Nb3 b4 15.
Bxf6 Bxf6 16. Nc5 Qe7 17. axb4 Nb8 18. Ra1 Rfd8 19. Qe2 Qc7 20. Nxa6 Bxa6 21.
Bxa6 Nxa6 22. Rxa6 Qc4 23. Qxc4 Rxc4 24. Re1 Rd7 25. Ne5 Bxe5 26. Rxe5 Rb7 27.
f4 Rb5 28. f5 Rc7 29. fxe6 fxe6 30. Rexe6 Rd7 31. Kf2 Rf7+ 32. Ke2 Rf5 33. Rab6
Rxb6 34. Rxb6 Kf7 35. Rc6 Ke8 36. b5 Kd7 37. Rc5 Kd6 38. b4 Rf7 39. Rc6+ Kd7
40. Ra6 Re7+ 41. Kd2 Ke8 42. b6 Re6 43. b7 Rxa6 44. b8=Q+ Ke7 45. Qb7+ Kf6 46.
Qxa6+ Kg5 47. b5 Kf4 48. Qd6+ Kf5 49. b6 g5 50. b7 g4 51. b8=Q h5 52. Qbf8+ Ke4
53. Qff4# 1-0

[Event "4NCL Division Four"]
[Site "Daventry, ENG"]
[Date "2023.02.04"]
[Round "5.101"]
[White "Ravi, Vash"]
[Black "Hilton, Tim"]
[Result "0-1"]
[WhiteElo "1593"]
[BlackElo "2006"]
[PlyCount "80"]
[EventDate "2023.02.04"]
[WhiteTeam "She Plays To Win Uni"]
[BlackTeam "Average Wood Pushers B"]

1. d4 e6 2. c4 f5 3. a3 Nf6 4. Nc3 Be7 5. e3 b6 6. d5 e5 7. Bd3 d6 8. f3 a5 9.
Nge2 Na6 10. O-O O-O 11. Ng3 g6 12. f4 e4 13. Bc2 Nc5 14. Nb5 a4 15. Nd4 Bd7
16. Bd2 Qe8 17. b4 axb3 18. Nxb3 Nxb3 19. Bxb3 Ba4 20. Ne2 Bxb3 21. Qxb3 Nd7
22. Nd4 Nc5 23. Qc2 Qa4 24. Qxa4 Rxa4 25. Rfc1 Bf6 26. Rab1 Rxa3 27. Nb5 Rd3
28. Rd1 Rf7 29. Kf2 g5 30. Bb4 gxf4 31. Bxc5 dxc5 32. Rxd3 exd3 33. exf4 Re7
34. Rd1 Re4 35. Kf3 Rxc4 36. Rxd3 Rb4 37. Nxc7 c4 38. Re3 c3 39. Re8+ Kf7 40.
Rc8 Rc4 0-1

[Event "4NCL Division Four"]
[Site "Daventry, ENG"]
[Date "2023.02.04"]
[Round "5.102"]
[White "Burke, Mitchell R"]
[Black "Mohan, Meghana"]
[Result "1-0"]
[WhiteElo "2028"]
[BlackElo "1505"]
[PlyCount "53"]
[EventDate "2023.02.04"]
[WhiteTeam "Average Wood Pushers B"]
[BlackTeam "She Plays To Win Uni"]

1. d4 Nf6 2. Nc3 d5 3. Bf4 c5 4. e3 e6 5. Nb5 Na6 6. c3 Be7 7. Nf3 Bd7 8. a4
Qa5 9. Ne5 O-O 10. g4 Bc6 11. Be2 c4 12. g5 Nd7 13. Rb1 Bxb5 14. axb5 Qxb5 15.
b3 Nxe5 16. bxc4 Nf3+ 17. Bxf3 Qxc4 18. Qd2 Rfc8 19. Rxb7 Ba3 20. Be2 Qa4 21.
O-O Qc6 22. Rfb1 Nc7 23. Qa2 Bf8 24. Rxa7 Qxc3 25. Rxa8 Nxa8 26. Ba6 Rc6 27.
Bb7 1-0

[Event "4NCL Division Four"]
[Site "Daventry, ENG"]
[Date "2023.02.04"]
[Round "5.103"]
[White "Runwal, Khushi"]
[Black "Doherty, Paul"]
[Result "0-1"]
[WhiteElo "1458"]
[BlackElo "1778"]
[PlyCount "80"]
[EventDate "2023.02.04"]
[WhiteTeam "She Plays To Win Uni"]
[BlackTeam "Average Wood Pushers B"]

1. e4 d6 2. Nc3 Nf6 3. d3 g6 4. Be3 Bg7 5. Qd2 Ng4 6. Nge2 Nxe3 7. Qxe3 O-O 8.
f3 Nc6 9. h4 e5 10. g4 Ne7 11. h5 c6 12. Qg5 f6 13. Qh4 g5 14. Qh3 d5 15. exd5
cxd5 16. O-O-O d4 17. Ne4 Nd5 18. h6 Bh8 19. Nd2 Ne3 20. Re1 Be6 21. b3 Rc8 22.
Nc4 Bxc4 23. dxc4 Qa5 24. Kb2 Qxe1 25. Qh2 Nd1+ 26. Kb1 Nf2+ 27. Nc1 Nxh1 28.
Qxh1 Qc3 29. Bd3 a5 30. Qh5 a4 31. Bf5 Rc6 32. Be4 Rd6 33. Bd5+ Rxd5 34. cxd5
a3 35. Nd3 Rc8 36. Qh2 Rd8 37. Qh5 Qd2 38. d6 Qd1+ 39. Nc1 d3 40. cxd3 Rc8 0-1

[Event "4NCL Division Four"]
[Site "Daventry, ENG"]
[Date "2023.02.04"]
[Round "5.104"]
[White "Mitchell, Ian"]
[Black "Khunda, Deema"]
[Result "0-1"]
[WhiteElo "1598"]
[BlackElo "1350"]
[PlyCount "85"]
[EventDate "2023.02.04"]
[WhiteTeam "Average Wood Pushers B"]
[BlackTeam "She Plays To Win Uni"]

1. d4 d5 2. Nf3 Nf6 3. c4 c6 4. Nc3 Bg4 5. e3 e6 6. cxd5 cxd5 7. Be2 Bd6 8. O-O
a6 9. Qa4+ Nbd7 10. a3 b5 11. Qd1 O-O 12. Ne1 Bf5 13. f4 Nb6 14. Nf3 Nc4 15.
Ne5 Rc8 16. Bd3 Bxd3 17. Qxd3 Qa5 18. b3 Nxe3 19. b4 Bxb4 20. axb4 Qxa1 21.
Bxe3 Qxc3 22. Qxc3 Rxc3 23. Bd2 Rb3 24. Rc1 Ne4 25. Be1 f6 26. Nc6 Nd6 27. Rd1
Ra8 28. Bg3 Nf5 29. Bf2 Rc3 30. Na5 Rac8 31. g3 Rc1 32. Rxc1 Rxc1+ 33. Kg2 Ne7
34. Nb7 Rb1 35. Nc5 Rxb4 36. Nxa6 Rb2 37. Nc5 Kf7 38. Nd3 Rd2 39. Nc1 b4 40.
Nb3 Rb2 41. Nc1 b3 42. Kf3 Rxf2+ 43. Kxf2 0-1

[Event "4NCL Division Four"]
[Site "Daventry, ENG"]
[Date "2023.02.04"]
[Round "5.105"]
[White "Brown, Stephanie"]
[Black "Burgess, Dan"]
[Result "1/2-1/2"]
[WhiteElo "1377"]
[BlackElo "1517"]
[PlyCount "141"]
[EventDate "2023.02.04"]
[WhiteTeam "She Plays To Win Uni"]
[BlackTeam "Average Wood Pushers B"]

1. d4 Nf6 2. c4 d6 3. Nc3 g6 4. e4 Bg7 5. Nf3 O-O 6. Be2 b6 7. Bg5 c5 8. Bxf6
Bxf6 9. d5 Nd7 10. Qd2 Bg7 11. O-O f5 12. exf5 Rxf5 13. Nh4 Rf7 14. f4 Nf6 15.
Rae1 Bg4 16. Bxg4 Nxg4 17. Ne2 Qd7 18. Nf3 Re8 19. h3 Nh6 20. g4 Nxg4 21. hxg4
Qxg4+ 22. Kh1 Rf5 23. Nh2 Rh5 24. Rf2 Qf5 25. Ng3 Rxh2+ 26. Rxh2 Qg4 27. Rg1
Bd4 28. Rgg2 e5 29. Ne2 Qf3 30. Nxd4 exd4 31. Qf2 Qe4 32. Qd2 Rf8 33. Rh4 Qf3
34. Qe2 Rxf4 35. Qxf3 Rxf3 36. Re4 d3 37. Rd2 h5 38. Kg2 Rf6 39. Re3 Kf7 40.
Rdxd3 Kg7 41. a3 g5 42. b4 Rf7 43. bxc5 bxc5 44. Rf3 Rd7 45. Rd2 h4 46. Kh3 Re7
47. Rg2 Kg6 48. Rf4 Re3+ 49. Kh2 Rg3 50. Re4 Kf5 51. Re7 Rxa3 52. Rf2+ Kg4 53.
Re4+ Kh5 54. Re6 Ra6 55. Rff6 Kg4 56. Rxd6 Ra2+ 57. Kg1 Kg3 58. Kf1 h3 59. Rh6
h2 60. Rdg6 g4 61. d6 Ra1+ 62. Ke2 h1=Q 63. Rxh1 Rxh1 64. d7 Rh8 65. Rg7 a5 66.
Kd1 Rd8 67. Kc2 Kf3 68. Rf7+ Kg2 69. Rf5 Rxd7 70. Rxc5 g3 71. Rxa5 1/2-1/2

[Event "4NCL Division Four"]
[Site "Daventry, ENG"]
[Date "2023.02.04"]
[Round "5.111"]
[White "Finn, Thomas"]
[Black "Woolf, Ben"]
[Result "1-0"]
[WhiteElo "1778"]
[BlackElo "1596"]
[PlyCount "93"]
[EventDate "2023.02.04"]
[WhiteTeam "Sussex Martlets 3"]
[BlackTeam "War and Piece B"]

1. e4 c6 2. Nc3 d5 3. Nf3 Bg4 4. h3 Bxf3 5. Qxf3 dxe4 6. Nxe4 Nf6 7. Nxf6+ exf6
8. Bc4 Nd7 9. O-O Ne5 10. Qe2 Be7 11. Bb3 O-O 12. d3 Ng6 13. Be3 Re8 14. d4 Qd7
15. Rad1 a5 16. a4 Rad8 17. d5 c5 18. c4 Bd6 19. Qd2 b6 20. Bc2 Ne5 21. Qe2 Ng6
22. b3 Re7 23. Bxg6 fxg6 24. Qf3 g5 25. Rfe1 Rde8 26. Bd2 Rxe1+ 27. Rxe1 Rxe1+
28. Bxe1 Qe8 29. Qe3 Qd7 30. Qf3 Qe8 31. Qe3 Qd7 32. Qe4 Qf7 33. Bd2 h5 34. f3
g6 35. g4 hxg4 36. fxg4 f5 37. Qf3 f4 38. Qe4 Kh7 39. Bc3 f3 40. Kf2 Bg3+ 41.
Kf1 Kh6 42. Qe3 Qf8 43. Be5 Qe7 44. Bf4 Qxe3 45. Bxe3 Kg7 46. Bxg5 Kf7 47. Bd8
1-0

[Event "4NCL Division Four"]
[Site "Daventry, ENG"]
[Date "2023.02.04"]
[Round "5.112"]
[White "Chapman, Chas"]
[Black "Hedger, Alec"]
[Result "0-1"]
[WhiteElo "1510"]
[BlackElo "1677"]
[PlyCount "66"]
[EventDate "2023.02.04"]
[WhiteTeam "War and Piece B"]
[BlackTeam "Sussex Martlets 3"]

1. e4 d6 2. Nc3 Nf6 3. d4 e5 4. dxe5 dxe5 5. Qxd8+ Kxd8 6. Bg5 Be6 7. O-O-O+
Nbd7 8. Nf3 Kc8 9. Be2 c6 10. a3 b5 11. h3 a5 12. Bxf6 gxf6 13. Nb1 b4 14. Rd2
Bh6 15. Rhd1 Nc5 16. Bd3 Rd8 17. Re1 Bxd2+ 18. Nfxd2 Rxd3 19. cxd3 Nxd3+ 20.
Kd1 Nxe1 21. Kxe1 Rb8 22. a4 Ba2 23. b3 Kc7 24. Kd1 Rd8 25. Kc2 Bxb1+ 26. Nxb1
Rd4 27. Nd2 Kb6 28. Kd1 Kc5 29. Ke2 Rxd2+ 30. Kxd2 Kd4 31. f3 c5 32. h4 c4 33.
Kc2 c3 0-1

[Event "4NCL Division Four"]
[Site "Daventry, ENG"]
[Date "2023.02.04"]
[Round "5.113"]
[White "Finn, Daniel"]
[Black "Charles, Steven"]
[Result "1-0"]
[WhiteElo "1682"]
[BlackElo "1469"]
[PlyCount "83"]
[EventDate "2023.02.04"]
[WhiteTeam "Sussex Martlets 3"]
[BlackTeam "War and Piece B"]

1. d4 Nf6 2. Nf3 b6 3. Bg5 Bb7 4. e3 e6 5. Bd3 Bb4+ 6. c3 Be7 7. O-O h6 8. Bf4
d6 9. h3 Nbd7 10. Nbd2 Nh5 11. Bh2 Nhf6 12. Rc1 d5 13. b4 Bd6 14. Re1 Bxh2+ 15.
Kxh2 Ne4 16. Kg1 Ndf6 17. Ne5 Nxd2 18. Bb5+ Kf8 19. Qxd2 a6 20. Bd3 b5 21. Qc2
Nd7 22. f4 Nxe5 23. fxe5 Ke7 24. Rf1 g6 25. Rf3 Qg8 26. a4 c6 27. Rcf1 Rh7 28.
a5 Rg7 29. Qf2 Rf8 30. Qh4+ g5 31. Qxh6 Qh8 32. Qf6+ Ke8 33. Rg3 Qh4 34. Rg4
Qh5 35. Qxg7 Qh8 36. Qxh8 Rxh8 37. Rxg5 Ke7 38. Rg7 Rf8 39. Bg6 Bc8 40. Rfxf7+
Rxf7 41. Rxf7+ Kd8 42. h4 1-0

[Event "4NCL Division Four"]
[Site "Daventry, ENG"]
[Date "2023.02.04"]
[Round "5.114"]
[White "Blair, Jimmy"]
[Black "Finn, Elizabeth"]
[Result "1-0"]
[WhiteElo "1469"]
[BlackElo "1669"]
[PlyCount "113"]
[EventDate "2023.02.04"]
[WhiteTeam "War and Piece B"]
[BlackTeam "Sussex Martlets 3"]

1. e4 e5 2. Nf3 Nc6 3. Bc4 Bc5 4. d4 exd4 5. Ng5 Ne5 6. Nxf7 Nxf7 7. Bxf7+ Kxf7
8. Qh5+ Kf8 9. Qxc5+ d6 10. Qxd4 c5 11. Qe3 Qe7 12. Qf3+ Nf6 13. O-O Qxe4 14.
Qxe4 Nxe4 15. f3 Nf6 16. Nc3 d5 17. Bf4 b6 18. Nb5 Bd7 19. Nd6 Ne8 20. Rfe1 h6
21. Re2 Nc7 22. Rae1 Ne6 23. Bg3 Kg8 24. Rxe6 Bxe6 25. Rxe6 g5 26. Be5 Rh7 27.
Nf5 Kf7 28. Rf6+ Ke8 29. Rg6 Kf7 30. Rf6+ Ke8 31. Nxh6 Kd7 32. Rd6+ Kc8 33. Ng4
Rd7 34. Rg6 Kb7 35. Rxg5 d4 36. Nf6 Re7 37. f4 Rd8 38. Rg3 c4 39. Ne4 Rd5 40.
Nd6+ Ka6 41. Nxc4 Re6 42. Rd3 Rc6 43. Ne3 Ra5 44. a3 dxe3 45. Rxe3 Rxc2 46. h4
Rd5 47. Kh2 Rdd2 48. Rg3 Rd1 49. Kh3 Rc8 50. Rg5 Rh1+ 51. Kg4 Rc2 52. g3 Rg1
53. Kf5 Rcg2 54. g4 Kb7 55. Rg7+ Kc6 56. g5 a5 57. h5 1-0

[Event "4NCL Division Four"]
[Site "Daventry, ENG"]
[Date "2023.02.04"]
[Round "5.115"]
[White "Woods, Timothy J"]
[Black "Knipe, Matthew"]
[Result "0-1"]
[WhiteElo "1681"]
[BlackElo "1400"]
[PlyCount "44"]
[EventDate "2023.02.04"]
[WhiteTeam "Sussex Martlets 3"]
[BlackTeam "War and Piece B"]

1. e4 c6 2. d4 d5 3. Nc3 dxe4 4. Nxe4 Nf6 5. Nxf6+ exf6 6. Bc4 Bd6 7. Nf3 O-O
8. O-O Re8 9. h3 Nd7 10. Bb3 Nf8 11. c4 Bd7 12. d5 c5 13. Be3 b6 14. Qd2 Ng6
15. Bc2 Ne5 16. Nxe5 Bxe5 17. Rab1 f5 18. Bf4 Bd4 19. b3 Qh4 20. Bg5 Qh5 21.
Qf4 f6 22. Qh4 Qxg5 0-1

[Event "4NCL Division Four"]
[Site "Daventry, ENG"]
[Date "2023.02.04"]
[Round "5.116"]
[White "Bradley, Eric"]
[Black "Wannasin Bell, Charlie"]
[Result "1/2-1/2"]
[WhiteElo "1227"]
[BlackElo "1542"]
[PlyCount "24"]
[EventDate "2023.02.04"]
[WhiteTeam "War and Piece B"]
[BlackTeam "Sussex Martlets 3"]

1. e4 d6 2. f4 Nf6 3. Nc3 g6 4. Nf3 Bg7 5. Bc4 c6 6. d4 b5 7. Bd3 O-O 8. h3
Nbd7 9. f5 Nb6 10. b3 d5 11. e5 Ne8 12. g4 Qc7 1/2-1/2

[Event "4NCL Division Four"]
[Site "Daventry, ENG"]
[Date "2023.02.04"]
[Round "5.121"]
[White "Myall, Ivan J"]
[Black "Bentley, Alex"]
[Result "1-0"]
[WhiteElo "1981"]
[BlackElo "1752"]
[PlyCount "95"]
[EventDate "2023.02.04"]
[WhiteTeam "Anglian Avengers 2"]
[BlackTeam "Ashfield 3"]

1. d4 Nf6 2. Bf4 b6 3. e3 Bb7 4. Nf3 d6 5. c3 Nbd7 6. Nbd2 Nh5 7. Bc4 Nxf4 8.
exf4 e6 9. O-O Qf6 10. g3 Be7 11. Bb5 a6 12. Bd3 h5 13. Ne4 Qh6 14. h4 f6 15.
Neg5 Nf8 16. Qe2 e5 17. Nh3 Ng6 18. f5 Nf8 19. Rfe1 g5 20. fxg6 Nxg6 21. dxe5
fxe5 22. Bxg6+ Qxg6 23. Nxe5 Qf6 24. Ng6 Rh7 25. Nxe7 Rxe7 26. Qxe7+ Qxe7 27.
Rxe7+ Kxe7 28. Re1+ Kf7 29. Nf4 Rh8 30. Re3 a5 31. f3 Rh6 32. Kf2 b5 33. b3 c5
34. Nh3 Bd5 35. Ng5+ Kf8 36. Ke2 Bg8 37. Kd3 d5 38. Re5 Rf6 39. f4 Rc6 40. Nf3
Rh6 41. f5 Rf6 42. Ke3 b4 43. cxb4 axb4 44. Ng5 Rd6 45. Nf3 Ra6 46. f6 Rxf6 47.
Rxh5 d4+ 48. Ke2 1-0

[Event "4NCL Division Four"]
[Site "Daventry, ENG"]
[Date "2023.02.04"]
[Round "5.122"]
[White "Hill, Maurice J"]
[Black "Abbott, Nathan J"]
[Result "0-1"]
[WhiteElo "1792"]
[BlackElo "1952"]
[PlyCount "62"]
[EventDate "2023.02.04"]
[WhiteTeam "Ashfield 3"]
[BlackTeam "Anglian Avengers 2"]

1. g3 d5 2. Bg2 e5 3. Nf3 e4 4. Nd4 Nf6 5. O-O Bc5 6. Nb3 Bb6 7. d3 O-O 8. dxe4
Nxe4 9. N1d2 Nxd2 10. Qxd2 c6 11. e4 dxe4 12. Qxd8 Rxd8 13. Bxe4 Bh3 14. Bg2
Bf5 15. c3 Nd7 16. Bf4 h6 17. Rad1 Nf6 18. Rd2 Rxd2 19. Nxd2 Re8 20. Nc4 Bd3
21. Nd6 Re2 22. Be3 Rxb2 23. Bxb6 Bxf1 24. Bxa7 Bxg2 25. Kxg2 Rxa2 26. Bd4 b5
27. Nf5 Re2 28. Nxh6+ gxh6 29. Bxf6 c5 30. Kf3 Re6 31. Bd8 b4 0-1

[Event "4NCL Division Four"]
[Site "Daventry, ENG"]
[Date "2023.02.04"]
[Round "5.123"]
[White "Slonczuk, Pawel"]
[Black "Taylor, Robert P"]
[Result "1/2-1/2"]
[WhiteElo "1684"]
[BlackElo "1725"]
[PlyCount "104"]
[EventDate "2023.02.04"]
[WhiteTeam "Anglian Avengers 2"]
[BlackTeam "Ashfield 3"]

1. d4 d5 2. c4 e6 3. Nf3 c6 4. Nc3 Nf6 5. e3 Nbd7 6. Be2 Bd6 7. O-O O-O 8. b3
Re8 9. Bb2 Nf8 10. Bd3 Ng6 11. e4 dxe4 12. Nxe4 Nxe4 13. Bxe4 Qf6 14. Qc2 Qf4
15. g3 Qg4 16. Ne5 Bxe5 17. dxe5 Bd7 18. Rad1 Red8 19. Rd6 Be8 20. Rfd1 Rxd6
21. exd6 Rd8 22. Bg2 e5 23. h3 Qg5 24. c5 Bd7 25. Qc3 Re8 26. Re1 Qd8 27. f4 f6
28. fxe5 Nxe5 29. Re3 Nf7 30. Kh2 Rxe3 31. Qxe3 Qe8 32. Qxe8+ Bxe8 33. h4 Bd7
34. Bh3 Bxh3 35. Kxh3 Nd8 36. Kg4 Kf7 37. Kf5 g6+ 38. Ke4 Ne6 39. b4 Nf8 40. a4
Nd7 41. Bd4 a6 42. Kd3 g5 43. hxg5 fxg5 44. Kc4 g4 45. b5 axb5+ 46. axb5 Ke6
47. bxc6 bxc6 48. Be3 h5 49. Kd4 Kf5 50. Bf2 Nf6 51. Kd3 Nd7 52. Bd4 Nf8
1/2-1/2

[Event "4NCL Division Four"]
[Site "Daventry, ENG"]
[Date "2023.02.04"]
[Round "5.124"]
[White "Thomson, James L"]
[Black "Ferris, Oliver"]
[Result "1/2-1/2"]
[WhiteElo "1708"]
[BlackElo "1491"]
[PlyCount "51"]
[EventDate "2023.02.04"]
[WhiteTeam "Ashfield 3"]
[BlackTeam "Anglian Avengers 2"]

1. d4 Nf6 2. c4 d5 3. cxd5 Nxd5 4. e4 Nf6 5. f3 e6 6. Nc3 c5 7. Bb5+ Bd7 8.
Bxd7+ Qxd7 9. Be3 cxd4 10. Qxd4 Be7 11. Nge2 a6 12. O-O O-O 13. Rac1 Rd8 14.
Rfd1 Qxd4 15. Nxd4 Nbd7 16. Nb3 h6 17. a3 Ne5 18. Bc5 Kf8 19. Bxe7+ Kxe7 20.
Nc5 b6 21. Rxd8 Kxd8 22. Rd1+ Ke7 23. Nd3 Nxd3 24. Rxd3 Rd8 25. Rxd8 Kxd8 26.
Na4 1/2-1/2

[Event "4NCL Division Four"]
[Site "Daventry, ENG"]
[Date "2023.02.04"]
[Round "5.125"]
[White "Samarakoon, Vivash"]
[Black "Willoughby, Robert H"]
[Result "1-0"]
[WhiteElo "1435"]
[BlackElo "1598"]
[PlyCount "79"]
[EventDate "2023.02.04"]
[WhiteTeam "Anglian Avengers 2"]
[BlackTeam "Ashfield 3"]

1. e4 c5 2. Nf3 d6 3. d4 cxd4 4. Nxd4 Nf6 5. Nc3 g6 6. f3 Bg7 7. Be3 O-O 8. Qd2
Nc6 9. O-O-O Nxd4 10. Bxd4 Be6 11. Kb1 Qa5 12. Nd5 Qxd2 13. Nxe7+ Kh8 14. Rxd2
Rfe8 15. Bxf6 Bxf6 16. Nd5 Bxd5 17. Rxd5 Rad8 18. Bb5 Re5 19. Rhd1 Rxd5 20.
Rxd5 Be5 21. g3 g5 22. c4 b6 23. b4 Rc8 24. Kc2 Kg7 25. Kd3 Kf8 26. Ke3 Ke7 27.
Rd3 h5 28. f4 gxf4+ 29. gxf4 Bf6 30. e5 dxe5 31. Rd7+ Kf8 32. Rxa7 exf4+ 33.
Kxf4 Rd8 34. Rb7 Rd2 35. Rxb6 Kg7 36. a4 Rxh2 37. a5 Rb2 38. a6 Be7 39. a7 Ra2
40. Ra6 1-0

[Event "4NCL Division Four"]
[Site "Daventry, ENG"]
[Date "2023.02.04"]
[Round "5.126"]
[White "Pitts, Daniel"]
[Black "Calumpiano, Raf"]
[Result "1-0"]
[WhiteElo "1591"]
[BlackElo "1328"]
[PlyCount "101"]
[EventDate "2023.02.04"]
[WhiteTeam "Ashfield 3"]
[BlackTeam "Anglian Avengers 2"]

1. e4 c5 2. c3 Nc6 3. Nf3 g6 4. d4 cxd4 5. cxd4 Bg7 6. Be3 d6 7. Nc3 Bg4 8. Bb5
Bd7 9. O-O a6 10. Ba4 Qb8 11. d5 Ne5 12. Nxe5 Bxa4 13. Nxa4 Bxe5 14. Nb6 Nf6
15. Qa4+ Kf8 16. Nxa8 Qxa8 17. Rac1 b5 18. Qb4 Qb7 19. Rc2 Ng4 20. g3 Kg7 21.
Bd4 Rc8 22. Bxe5+ Nxe5 23. Rxc8 Qxc8 24. Qc3 Qg4 25. f4 f6 26. fxe5 fxe5 27.
Qf3 Qc8 28. Qf7+ Kh6 29. Qf8+ Qxf8 30. Rxf8 Kg7 31. Rf2 h5 32. h4 Kg8 33. Rf3
b4 34. a3 bxa3 35. Rxa3 Kf7 36. Rxa6 Ke8 37. b4 Kd7 38. Rc6 e6 39. dxe6+ Kxc6
40. b5+ Kc7 41. b6+ Kc6 42. b7 Kc7 43. e7 d5 44. e8=Q Kxb7 45. exd5 g5 46. d6
gxh4 47. d7 hxg3 48. Qc8+ Kb6 49. d8=Q+ Kb5 50. Qd5+ Kb6 51. Qcb7# 1-0

[Event "4NCL Division Four"]
[Site "Daventry, ENG"]
[Date "2023.02.04"]
[Round "5.131"]
[White "Joseph, Tomy"]
[Black "Marsh, Roger D W"]
[Result "0-1"]
[WhiteElo "1584"]
[BlackElo "1945"]
[PlyCount "100"]
[EventDate "2023.02.04"]
[WhiteTeam "Watford B"]
[BlackTeam "Wessex Some Stars B"]

1. e4 g6 2. d4 Bg7 3. Nc3 c6 4. Nf3 d5 5. e5 Bg4 6. h3 Bxf3 7. Qxf3 f6 8. Bf4
Nd7 9. Qe3 fxe5 10. dxe5 Qb6 11. Qxb6 axb6 12. e6 Nc5 13. Be3 d4 14. Nb5 O-O-O
15. Bf4 cxb5 16. Bxb5 Nxe6 17. Bg3 Nf6 18. O-O Nc7 19. Bd3 Nfd5 20. Rfe1 Rde8
21. a3 e5 22. Rac1 Bh6 23. Rcd1 Bf4 24. Bxf4 Nxf4 25. Be4 Nb5 26. Kh2 Nd6 27.
Bf3 Rhf8 28. g3 Ne6 29. Kg2 Ng5 30. Bg4+ Kc7 31. Be2 Nge4 32. f3 Nc5 33. b4 Na4
34. Rc1 Nc3 35. Bd3 e4 36. fxe4 Ndxe4 37. Bxe4 Rxe4 38. Rxe4 Nxe4 39. Re1 Re8
40. Rd1 Rd8 41. Re1 Nc3 42. Re5 Rd7 43. Re1 Kd6 44. g4 Re7 45. Rxe7 Kxe7 46.
Kf3 Kf6 47. Kf4 g5+ 48. Kf3 Ke5 49. Kg3 Ke4 50. h4 h6 0-1

[Event "4NCL Division Four"]
[Site "Daventry, ENG"]
[Date "2023.02.04"]
[Round "5.132"]
[White "Deacon, David J"]
[Black "Dairi, Ramsey"]
[Result "1/2-1/2"]
[WhiteElo "1839"]
[BlackElo "1499"]
[PlyCount "30"]
[EventDate "2023.02.04"]
[WhiteTeam "Wessex Some Stars B"]
[BlackTeam "Watford B"]

1. d4 f5 2. g3 e6 3. Bg2 Nf6 4. Nf3 Be7 5. O-O O-O 6. c4 d6 7. Nc3 Ne4 8. Qc2
Nxc3 9. bxc3 Nc6 10. Rb1 e5 11. e3 f4 12. Nd2 g5 13. Be4 h5 14. Bxc6 bxc6 15.
Qb3 Kh8 1/2-1/2

[Event "4NCL Division Four"]
[Site "Daventry, ENG"]
[Date "2023.02.04"]
[Round "5.133"]
[White "Tomy, Jake"]
[Black "Deacon, Matthew"]
[Result "0-1"]
[WhiteElo "1337"]
[BlackElo "1682"]
[PlyCount "68"]
[EventDate "2023.02.04"]
[WhiteTeam "Watford B"]
[BlackTeam "Wessex Some Stars B"]

1. e4 c5 2. Nf3 g6 3. c3 d5 4. exd5 Qxd5 5. d4 Nf6 6. c4 Qd8 7. h3 cxd4 8. Qxd4
Qxd4 9. Nxd4 Bg7 10. Nc3 O-O 11. Be3 b6 12. Ncb5 Ne8 13. Bd3 Bb7 14. O-O Na6
15. Nc3 Rd8 16. Ncb5 e5 17. Bg5 Nf6 18. Nxa7 exd4 19. Rfd1 h6 20. Bf4 Ne4 21.
f3 Nec5 22. a3 g5 23. Bg3 Nxd3 24. Rxd3 Nc5 25. Rdd1 Nb3 26. Ra2 Rd7 27. Nb5
Bc6 28. a4 Na5 29. Nd6 f5 30. b4 Nb3 31. c5 f4 32. Ra3 bxc5 33. Rxb3 Bxa4 34.
Ra3 Bxd1 0-1